| Tag |
First Indicator |
Second Indicator |
Subfields |
| LEADER |
00000nam a2200000Ii 4500 |
| 001 |
in00004734883 |
| 003 |
OCoLC |
| 005 |
20180305092344.1 |
| 006 |
m o d |
| 007 |
cr cnu---unuuu |
| 008 |
140214s2009 vra gob 000 0 eng d |
| 024 |
8 |
|
|a 99994317551
|
| 040 |
|
|
|a TEFOD
|b eng
|e rda
|e pn
|c TEFOD
|d TEFOD
|d OCLCO
|d EBLCP
|d DEBSZ
|d YDXCP
|d OCLCO
|d TEFOD
|d OCLCQ
|d OCLCO
|d MERUC
|d OCLCA
|d NhCcYBP
|
| 019 |
|
|
|a 898101130
|
| 020 |
|
|
|a 9781921825323
|q (electronic bk.)
|
| 020 |
|
|
|a 1921825324
|q (electronic bk.)
|
| 020 |
|
|
|z 9781863953757
|
| 020 |
|
|
|z 1863953752
|
| 035 |
|
|
|a (OCoLC)870528452
|z (OCoLC)898101130
|
| 037 |
|
|
|a 37E4A98B-5E05-4E07-B80F-BAABC3AE0803
|b OverDrive, Inc.
|n http://www.overdrive.com
|
| 043 |
|
|
|a u-at---
|a n-us---
|
| 050 |
|
4 |
|a TD195.C58
|b P43 2009
|
| 082 |
0 |
4 |
|a 338.27240974
|2 23
|
| 100 |
1 |
|
|a Pearse, Guy,
|e author.
|
| 245 |
1 |
0 |
|a Quarry vision :
|b coal, climate change and the end of the resources boom /
|c Guy Pearse.
|
| 246 |
1 |
8 |
|a QE33, 2009
|
| 264 |
|
1 |
|a Melbourne, Victoria :
|b Black Inc.,
|c [2009]
|
| 264 |
|
4 |
|c ©2009
|
| 300 |
|
|
|a 1 online resource ( iv, 129 pages.) :
|
| 336 |
|
|
|a text
|b txt
|2 rdacontent
|
| 337 |
|
|
|a computer
|b c
|2 rdamedia
|
| 338 |
|
|
|a online resource
|b cr
|2 rdacarrier
|
| 490 |
1 |
|
|a Quarterly essay ;
|v issue 33, 2009
|
| 490 |
1 |
|
|a Quarterly essay ;
|v QE 33, 2009
|
| 500 |
|
|
|a Cover title.
|
| 504 |
|
|
|a Includes bibliographical references.
|
| 588 |
0 |
|
|a Print version record.
|
| 505 |
0 |
|
|a Cover page; copyright page; contents; preface; quarry vision: coal, climate change and the end of the resources boom; correspondence.
|
| 610 |
1 |
0 |
|a United States.
|b President (2009- : Obama)
|
| 600 |
1 |
0 |
|a Obama, Barack.
|
| 650 |
|
0 |
|a Coal mines and mining
|z Australia.
|
| 650 |
|
0 |
|a Sustainable development
|z Australia.
|
| 650 |
|
0 |
|a Environmental management
|z Australia.
|
| 650 |
|
0 |
|a Global warming
|x Prevention.
|
| 651 |
|
0 |
|a United States
|x Economic conditions
|y 2001-2009.
|
| 651 |
|
0 |
|a United States
|x Politics and government
|y 1989-
|
| 655 |
|
7 |
|a Electronic books.
|2 local
|
| 710 |
2 |
|
|a ProQuest (Firm)
|
| 776 |
1 |
8 |
|i Print version:
|a Pearse, Guy.
|t Quarry vision
|z 9781863953757
|w (OCoLC)314450443
|
| 830 |
|
0 |
|a Quarterly essay ;
|v issue 33, 2009.
|
| 830 |
|
0 |
|a Australian quarterly essay ;
|v issue 33 (2009)
|
| 856 |
4 |
0 |
|u https://ebookcentral.proquest.com/lib/tamucs/detail.action?docID=1887612
|z Connect to the full text of this electronic book
|t 0
|
| 945 |
|
|
|b 783898
|
| 955 |
|
|
|a YBP purchased DDA e-records
|
| 980 |
|
|
|b ebook
|c 99994317551
|f DDA
|g 565701
|k USD
|m 42.52
|q 1
|s AcqMono Conventional
|t Demand driven acquisitions (DDA)
|u Vendor order reference number
|v ZYBP
|y PDA
|z Electronic resource
|
| 999 |
f |
f |
|i bc66bfb4-ccdc-4eec-917d-bbc5a0191eca
|s 223912db-f029-472d-af0e-8aa21b9b50cd
|t 0
|
| 952 |
f |
f |
|a Texas A&M University
|b College Station
|c Electronic Resources
|s www_evans
|d Available Online
|t 0
|e TD195.C58 P43 2009
|h Library of Congress classification
|